000
00384nam a22001697a 4500
003
MPLRDC
005
20220104123816.0
008
210129b ||||| |||| 00| 0 eng d
082
_a
856.9 AN-2*
100
_a
阿浓著
245
_a
青果二集
_c
250
_a
初版
260
_a
_b
天地图书有限公司
_c
1984
300
_b
平
650
_a
942
_c
BK
_o
856.9 AN-2*
999
_c
14369
_d
14359